000 00622cam a22002291 4500
001 ne 68000406
003 DLC
005 20260227111837.0
008 900411s1966 ua a 000 1 ara
010 _ane 68000406
025 _aPL480:UAR-8602
035 _a(OCoLC)21359674
040 _aDLC
_cWaU
_dWaU
_dDLC
042 _apremarc
050 0 0 _aPJ7842.I43
_bH3
100 1 _aKīlānī, Rustum.
245 1 0 _aHākadhā iltaqaynā
_c[taʼlīf] Rustum Kīlānī.
250 _a[al-Ṭabʻah 1.]
260 _a[al-Qāhirah]
_bMaktabat Gharīb
_c[1966]
300 _a124 p.
_billus.
_c20 cm.
500 _aShort stories.
999 _c50031
_d50031